000 00833nam a2200253Ia 4500
003 OSt
005 20220923220027.0
006 a|||||r|||| 00| 0
007 ta
008 220922b |||||||| |||| 00| 0 hin d
024 _a183,635
037 _cTextual
040 _aARTS
_cARTS
_bhin
041 _2hin
_ahin
082 _aO152,1N2a, L9
100 _aत्यागी, सुरेश चन्द्र
245 0 _aछायावाद सन्दर्भ
246 _aChhāyāvād sandarbha
260 _aसहारनपुर
_b आशिर प्रकाशन
_c1979
300 _a128 पृ.
_ccm.
650 _aहिन्दी साहित्य
_9156264
942 _hO152,1N2a, L9
_cTEXL
_2CC
999 _c336955
_d336955